| 000 | 00810cam a2200265 a 4500 | ||
|---|---|---|---|
| 001 | 17215087 | ||
| 003 | OSt | ||
| 005 | 20231125133530.0 | ||
| 008 | 120317s2012 njua b 001 0 eng | ||
| 010 | _a 2012382311 | ||
| 020 | _a9789357460569 | ||
| 040 |
_aDLC _cDLC _dDLC |
||
| 042 | _apcc | ||
| 050 | 0 | 0 |
_aQA76.76.O63 _bS5583 2012 |
| 082 | 0 | 0 |
_a005.43 _bSIL/S |
| 100 | 1 |
_aSilberschatz, Abraham _99052 |
|
| 245 | 1 | 0 |
_aSilberschatz's Operating system concepts / _cAbraham Silberschatz, Peter Baer Galvin, Greg Gagne. |
| 250 | _aGlobal editon | ||
| 260 |
_bJ. Wiley & Sons, _cc2023. |
||
| 300 |
_a864p. : _bill. ; _c26 cm. |
||
| 650 | 0 | _aOperating systems (Computers) | |
| 700 | 1 | _aGalvin, Peter B. | |
| 700 | 1 | _aGagne, Greg. | |
| 942 |
_2ddc _cBK _h005.43 _iSIL/S _k005.43 _mSIL/S |
||
| 999 |
_c43640 _d43640 |
||